000 00464cam a2200193 4500
001 D3708
008 090401t1980 xxu||||| |||| 00| 0 eng d
035 _a(Sirsi) u74534
041 _aeng
050 _a658.1552
100 _aFerry, Douglas J
245 _aCost planning of buildings. Revised by Peter Brandon
250 _a4th
260 _aSt. Albans
_bGranada
_c1980
300 _avii. 331p. 21cm
350 _a6.95
942 _n0
948 _c04/03/1997
999 _c95875
_d95875